000 00534nam a22001937a 4500
003 KOHA_MİRAKIL
005 20251209091907.0
008 251209b tu ||||| |||| 00| 0 tur d
020 _a9786059328128
040 _aTR-AnABB
_btur
_cTR-AnABB
041 _atur
082 _a121.8
_bULK 2022
100 1 _aÜlken, Hilmi Ziya,
245 1 0 _aBilgi ve değer /
_cHilmi Ziya Ülken
260 _aAnkara :
_bDoğu Batı Yayınları,
_c2022
300 _a393 sayfa ;
_c23 cm
650 0 4 _aDeğerler Kuramı
942 _2ddc
_cBK
999 _c9719
_d9719
900 _bGizem YORULMAZ